Państwa Ameryki Północnej - Nagła śmierć - Statystyki

Ogólne statystyki
  • Ten quiz został rozwiązany 1 609 razy
  • Średni wynik to 14 z 23
Answers on the Grid
Answers color-coded by a green-red scale on the quiz's grid according to % correct below.
Anguilla
Antigua i Barbuda
Aruba
Bahamy
Barbados
Belize
Bermuda
Bonaire
Brytyjskie Wyspy
Dziewicze
Curaçao
Dominika
Dominikana
Grenlandia
Grenada
Gwadelupa
Gwatemala
Haiti
Honduras
Jamajka
Kanada
Kajmany
Kuba
Kostaryka
Martynika
Meksyk
Montserrat
Nikaragua
Panama
Portoryko
Saint Barthélemy
Saint Kitts i Nevis
Saint Lucia
Saint Martin
Saint Vincent i
Grenadyny
Sint Maarten
Salwador
Trynidad i Tobago
Turks i Caicos
Stany Zjednoczone
Amerykańskie
Wyspy Dziewicze
 
Statystyki odpowiedzi
Odpowiedź % Poprawnych
Antigua i Barbuda
76%
Bahamy
74%
Barbados
69%
Dominikana
67%
Dominika
66%
Belize
64%
Kanada
62%
Meksyk
62%
Kuba
61%
Stany Zjednoczone
61%
Haiti
60%
Jamajka
59%
Gwatemala
56%
Honduras
56%
Kostaryka
56%
Panama
56%
Nikaragua
53%
Grenada
51%
Saint Kitts i Nevis
51%
Trynidad i Tobago
51%
Salwador
50%
Saint Lucia
49%
Saint Vincent i
Grenadyny
49%
Nie znaleziono quizów pasujących do podanych kryteriów
Rozkład punktacji
Procent ludzi z każdym wynikiem
Percentyl według liczby udzielonych odpowiedzi
Twoja historia wyników
Nie rozwiązałeś tego quizu